书目信息 |
| 题名: |
环境监测人员守则
|
|
| 作者: | ||
| 分册: | ||
| 出版信息: | 北京 中国环境科学出版社 |
|
| 页数: | ||
| 开本: | ||
| 丛书名: | ||
| 单 册: | ||
| 中图分类: | X830 | |
| 科图分类: | ||
| 主题词: | 环境监测 | |
| 电子资源: | ||
| ISBN: | 7-80093-528-0 | |
| 000 | 00450nam0 2200169 45 | |
| 001 | 0006120918 | |
| 005 | 20000612093941.7 | |
| 010 | @a7-80093-528-0 | |
| 100 | @a20000612d km y0chiy0120 ea | |
| 101 | 0 | @achi |
| 105 | @a z 000yy | |
| 200 | 1 | @a环境监测人员守则@AHuan Jing Jian Ce Ren Yuan Shou Ze |
| 210 | @a北京@c中国环境科学出版社 | |
| 606 | 0 | @a环境监测 |
| 690 | @aX830@v3 | |
| 801 | @aCN@bPftUser@c20000612 | |
| 905 | @b204730-732@dX830@eH347@f3 | |
| 环境监测人员守则.-北京:中国环境科学出版社 |
| ISBN 7-80093-528-0: |
| ● |
| 相关链接 |
|
|
|
正题名:环境监测人员守则
索取号:X830/H347
 
预约/预借
| 序号 | 登录号 | 条形码 | 馆藏地/架位号 | 状态 | 备注 |
| 1 | 204730 | 202047301 | 自科库501/ [索取号:X830/H347] | 在馆 | |
| 2 | 204731 | 202047310 | 期刊室512/501自科库 115排2列5层/ [索取号:X830/H347] | 在馆 | |
| 3 | 204732 | 202047329 | 自科库501/501自科库 115排2列5层/ [索取号:X830/H347] | 在馆 |